000 00759cab a2200253 4500
001 ABS50302
008 090401t1994 xxu||||| |||| 00| 0 eng d
035 _a(Sirsi) u75174
041 _aeng
100 _aEdgar, M.
245 _aExpert systems in investment decision-making
260 _c1994
350 _a0
490 _aEstates Gazette
_v(9411) 19 March 1994, 62-64(3)
520 _aDiscusses the development PIES, a prototype expert system for property investment decision making.
650 _aDECISION MAKING
650 _aEXPERT SYSTEMS
650 _aPIES
650 _aPROPERTY INVESTMENT
690 _aFINANCE AND INVESTMENT
690 _aMANAGEMENT-BUSINESS MANAGEMENT-INFORMATION MANAGEMENT
942 _n0
948 _c04/03/1997
999 _c47361
_d47361